| 000 | 00794 a2200181 4500 | ||
|---|---|---|---|
| 003 | Nust | ||
| 005 | 20230203151626.0 | ||
| 020 | _a0905906683 | ||
| 040 | _cNust | ||
| 082 | _a954.91,,CHO | ||
| 100 |
_aChoudhury Golam W _9108627 |
||
| 245 |
_aPakistan : _bTransition from Military to Civilian Rule / _cGolam W Choudhury |
||
| 260 |
_aPakistan _bGolam W Choudhury _61988 |
||
| 505 | _aIntroduction (Page-6), Military Withdrawal from politics in Pakistan (Page-50), The State and religion in Islam (Page-77), Nifaz-I-Nizam-I-Islam (Page-113), Parliamentary vs. Presidential Systems (Page-153), Federalism in Pakistan (Page-183), Ingredients of Democracy (Page-202), Conclusion (Page-231), Epilogue (Page-239). | ||
| 600 |
_aGolam W Choudhury _9108628 |
||
| 650 | _aPakistan | ||
| 942 |
_2ddc _cBK |
||
| 999 |
_c186944 _d186944 |
||